Consumer Preferences While Purchasing Readymade Garments in Mangalore 1999-2000 (Record no. 230343)
[ view plain ]
| 000 -LEADER | |
|---|---|
| fixed length control field | 00425nam a22001457a 4500 |
| 005 - DATE AND TIME OF LATEST TRANSACTION | |
| control field | 20240314145711.0 |
| 008 - FIXED-LENGTH DATA ELEMENTS--GENERAL INFORMATION | |
| fixed length control field | 240314b ||||| |||| 00| 0 eng d |
| 040 ## - CATALOGING SOURCE | |
| Transcribing agency | AL |
| 041 ## - LANGUAGE CODE | |
| Language code of text/sound track or separate title | eng |
| 082 ## - DEWEY DECIMAL CLASSIFICATION NUMBER | |
| Edition number | 23 |
| Classification number | 658.834 |
| Item number | CONS |
| 245 ## - TITLE STATEMENT | |
| Title | Consumer Preferences While Purchasing Readymade Garments in Mangalore 1999-2000 |
| 260 ## - PUBLICATION, DISTRIBUTION, ETC. | |
| Place of publication, distribution, etc. | Mangalore |
| Name of publisher, distributor, etc. | St Aloysius College |
| Date of publication, distribution, etc. | 2000 |
| 700 ## - ADDED ENTRY--PERSONAL NAME | |
| Personal name | RAI (Aditya N) |
| 9 (RLIN) | 154358 |
| 942 ## - ADDED ENTRY ELEMENTS (KOHA) | |
| Source of classification or shelving scheme | Dewey Decimal Classification |
| Koha item type | Project Report |
| Withdrawn status | Lost status | Source of classification or shelving scheme | Damaged status | Not for loan | Home library | Current library | Date acquired | Total Checkouts | Full call number | Barcode | Date last seen | Price effective from | Koha item type |
|---|---|---|---|---|---|---|---|---|---|---|---|---|---|
| Dewey Decimal Classification | Not for loan | St Aloysius Library | St Aloysius Library | 05/22/2001 | 658.834 CONS | D01974 | 03/14/2024 | 03/14/2024 | Project Report |